A philosophy of music education (Record no. 16156)

MARC details
000 -LEADER
fixed length control field 00571nam a22001817a 4500
008 - FIXED-LENGTH DATA ELEMENTS--GENERAL INFORMATION
fixed length control field 161006b xxu||||| |||| 00| 0 eng d
020 ## - INTERNATIONAL STANDARD BOOK NUMBER
International Standard Book Number 0130993387
040 ## - CATALOGING SOURCE
Original cataloging agency KABU
Transcribing agency KABU
050 ## - LIBRARY OF CONGRESS CALL NUMBER
Classification number MT1
Item number .R45 2003 C.1
100 ## - MAIN ENTRY--PERSONAL NAME
Personal name Reimer, Bennett
245 ## - TITLE STATEMENT
Title A philosophy of music education
Remainder of title a advancing the vision
250 ## - EDITION STATEMENT
Edition statement 3rd ed.
260 ## - PUBLICATION, DISTRIBUTION, ETC. (IMPRINT)
Place of publication, distribution, etc. USA
Name of publisher, distributor, etc. Pearson education
Date of publication, distribution, etc. 2003
300 ## - PHYSICAL DESCRIPTION
Extent xi, 308 p.
650 ## - SUBJECT ADDED ENTRY--TOPICAL TERM
Source of heading or term Music
General subdivision Instruction and study
650 ## - SUBJECT ADDED ENTRY--TOPICAL TERM
Source of heading or term Music
General subdivision Philosophy and aesthetics
942 ## - ADDED ENTRY ELEMENTS (KOHA)
Source of classification or shelving scheme Library of Congress Classification
Koha item type General Collection
Edition 3rd ed.
Classification part MT1 .R45 2003 C.1
Holdings
Withdrawn status Lost status Source of classification or shelving scheme Not for loan Home library Current library Shelving location Date acquired Cost, normal purchase price Total Checkouts Full call number Barcode Date last seen Date last checked out Copy number Price effective from Koha item type
    Library of Congress Classification   Kabarak, Main Campus Kabarak, Main Campus General Stacks 06/10/2016 11817.72 1 MT1 .R45 2003 C.1 026955 23/03/2017 16/02/2017 C.1 06/10/2016 General Collection
Designed with assistance from East African Informatics Ltd